Music Quiz

Random Music Quiz
Score 0/10 Timer 05:00
0 Plays Today
Hint Answer % Correct
you know you love meI know you care
91.8%
don't forget that I'm humandon't forget that I'm real
70.3%
you're my one love, my one heart,my one life for sure
44%
I gave you the keywhen the door wasn't open
42.9%
I close my eyes and I can see abetter day
40.7%
first you wanna go to the leftthen you want to turn right
39%
step to the beat of my heartI don't need a whole lot
33%
chestnuts roasting likea hot July
31.3%
had a couple dollars and a quarter tank of gaswith a long journey ahead
21.4%
sending a farewell to my friends,forever peace
13.7%
Come Together.
Have Fun.
All Virtual.
We all need to come together. Play Sporcle's virtual live trivia to have fun, connect with people, and get your trivia on. Join a live hosted trivia game for your favorite pub trivia experience done virtually. If a virtual private party is more your thing, go here for details.

You're not logged in!

Compare scores with friends on all Sporcle quizzes.
OR
Log In

Sporcle TV

Today on Sporcle TV


Watch our educational content, quiz creation guides, and fun videos on Sporcle TV.

Show Comments

Extras

Created Jan 30, 2016ReportNominate
Tags:Bieber, finish, justin

Top Quizzes Today


Score Distribution

Paid Content

Your Account Isn't Verified!

In order to create a playlist on Sporcle, you need to verify the email address you used during registration. Go to your Sporcle Settings to finish the process.

Report this User

Report this user for behavior that violates our Community Guidelines.

Details: